| 000 | 01203nam a22002897i 4500 | ||
|---|---|---|---|
| 003 | EG-GICUC | ||
| 005 | 20260121101733.0 | ||
| 008 | 260118s1883 fr ||||fr|||| 00| 0 fre d | ||
| 040 |
_aEG-GiCUC _bfre _cEG-GiCUC _dEG-GiCUC _eRda |
||
| 041 | _afre | ||
| 082 | 0 | 4 |
_221 _a341.33 _bCH . R |
| 092 | 0 | 4 | _221 |
| 099 | _aLaw1 11 341.33 CH . R 1883 | ||
| 100 | 1 |
_aChevrey-Rameau, Paul, _eAuteur |
|
| 245 | 1 | 0 |
_aRépertoire Diplomatique Et Consulaire : _bIndication, Dans Un Méthodique, Des Textes Du Droit Français Et Du Droit International Positif Qui Doivent Servir De Règle De Conduite Aux Fonctionnaires Et Agents Chargés De La Surveillance De Nos Intéréts A L'étranger / _cpar P. Chevrey-Rameau. |
| 264 | 1 |
_aParis : _bL. Larose et Forcel, _c1883. |
|
| 300 |
_a761 pages ; _c 24 cm. |
||
| 336 |
_2rda contenu _a texte |
||
| 337 |
_2rda medias _aOrdinateur |
||
| 338 |
_2 transporteur rda _a Ressource en ligne |
||
| 504 | _aComprend des références bibliographiques. | ||
| 546 | _aTexte en français | ||
| 650 | 1 | 4 |
_aDiplomatic and consular service _xDroit international public |
| 856 | 4 | 0 | _uhttps://fll.law.cu.edu.eg/fulltext/bks/B11-06989.pdf |
| 905 | _a75 | ||
| 942 |
_2ddc _cBK _e21 _n0 |
||
| 999 |
_c57388 _d57388 |
||